[Event "FIDE World Rapid 2014"]
[Site "Dubai UAE"]
[Date "2014.06.16"]
[Round "1.3"]
[White "Matlakov, Maxim"]
[Black "Grischuk, Alexander"]
[Result "1/2-1/2"]
[WhiteTitle "GM"]
[BlackTitle "GM"]
[WhiteElo "2689"]
[BlackElo "2792"]
[WhiteFideId "4168003"]
[BlackFideId "4126025"]
[EventDate "2014.06.16"]

1. d4 Nf6 2. Nf3 g6 3. c4 Bg7 4. g3 O-O 5. Bg2 c5 6. Nc3 d6 7. dxc5 dxc5 8. Qxd8
Rxd8 9. Ne5 Ne8 10. Nd3 Nd6 11. Bg5 Bxc3+ 12. bxc3 f6 13. Be3 Nxc4 14. Bxc5 Kf7
15. Nb4 e6 16. O-O a5 17. Nd3 Na6 18. Rfb1 Nxc5 19. Nxc5 Ra7 20. Nxb7 Rd2 21. a4
f5 22. e3 Bxb7 23. Bxb7 Kf6 24. Bc6 Rc7 25. Bb5 Ne5 26. c4 Ng4 27. Rf1 h5 28.
Rad1 Ra2 29. Rd4 g5 30. h3 Ne5 31. Kg2 g4 32. h4 Rc2 33. Rb1 Nxc4 34. Bxc4 R7xc4
35. Rb5 R4c3 36. Rxa5 Rxe3 37. Rd1 Ree2 38. Rf1 Ra2 39. Ra8 Re4 40. a5 Re5 41.
a6 Rea5 42. Rh8 Kg6 43. Rg8+ Kf6 44. Rh8 Rxa6 45. Rxh5 Re2 46. Rh8 Raa2 47. Rc8
Rab2 48. Rcc1 Ra2 49. Rce1 Red2 50. Rd1 Re2 51. Rde1 Red2 52. Rd1 Re2 53. Rde1 1/2-1/2

[Event "FIDE World Rapid 2014"]
[Site "Dubai UAE"]
[Date "2014.06.16"]
[Round "1.6"]
[White "Svidler, Peter"]
[Black "Volokitin, Andrei"]
[Result "1-0"]
[WhiteTitle "GM"]
[BlackTitle "GM"]
[WhiteElo "2753"]
[BlackElo "2638"]
[WhiteFideId "4102142"]
[BlackFideId "14107090"]
[EventDate "2014.06.16"]

1. e4 c5 2. Nf3 d6 3. d4 cxd4 4. Nxd4 Nf6 5. Nc3 a6 6. h3 e6 7. g4 d5 8. exd5
Nxd5 9. Nde2 Bb4 10. Bg2 O-O 11. O-O Bxc3 12. Nxc3 Nxc3 13. bxc3 Qc7 14. Qf3 Nc6
15. Rd1 Bd7 16. Ba3 Rfd8 17. Bd6 Qc8 18. Qf4 Na7 19. Bc7 Rf8 20. c4 Bc6 21. Bf1
b5 22. c5 Bd5 23. Bd6 Re8 24. a4 Bb7 25. Rd3 Nc6 26. axb5 axb5 27. Rxa8 Bxa8 28.
Rf3 Qb7 29. Bg2 e5 30. Re3 f6 31. Bd5+ Kh8 32. Qf5 Qc8 33. Qxc8 Rxc8 34. f4 exf4
35. Ra3 Bb7 36. Bxf4 h6 37. Bd6 Nd8 38. Bb3 Nc6 39. c3 Kh7 40. Kf2 h5 41. Bc2+
Kh6 42. Rb3 Ne5 43. Bf5 Ra8 44. Bxe5 fxe5 45. Rxb5 Bc8 46. Be4 Ra4 47. Ke3 hxg4
48. hxg4 Bxg4 49. c6 Kg5 50. Bd5 Ra3 51. Kd3 Bf5+ 52. Kc4 Kf4 53. c7 g5 54. Rb8
g4 55. Rf8 g3 56. Rxf5+ 1-0

[Event "FIDE World Rapid 2014"]
[Site "Dubai UAE"]
[Date "2014.06.16"]
[Round "1.7"]
[White "Ganguly, Surya Shekhar"]
[Black "Aronian, Levon"]
[Result "1-0"]
[WhiteTitle "GM"]
[BlackTitle "GM"]
[WhiteElo "2619"]
[BlackElo "2815"]
[WhiteFideId "5002150"]
[BlackFideId "13300474"]
[EventDate "2014.06.16"]

1. e4 e5 2. Nf3 Nc6 3. Bc4 Bc5 4. b4 Bb6 5. b5 Nd4 6. Nxd4 Bxd4 7. c3 Bb6 8. d4
Qe7 9. O-O Nf6 10. a4 a5 11. bxa6 bxa6 12. a5 Ba7 13. f4 O-O 14. Kh1 d6 15. fxe5
dxe5 16. Bg5 exd4 17. Bd5 c6 18. Bxc6 Qc5 19. Bxf6 Qxc6 20. Bxd4 Qxe4 21. Nd2
Qg6 22. Rb1 Bg4 23. Qa4 Be2 24. Rf2 Bb5 25. Qa2 Bxd4 26. cxd4 Rad8 27. Nf3 Bc4
28. Qa1 f6 29. h3 Rfe8 30. Re1 Rxe1+ 31. Qxe1 Re8 32. Qc3 Bd5 33. Kh2 Qf5 34.
Qc7 h5 35. Qg3 Qd3 36. Qh4 Qg6 37. Qf4 Kh7 38. Qd6 Qf5 39. Qxa6 h4 40. Kg1 Qb1+
41. Rf1 Qc2 42. Qb5 Bxf3 43. Rxf3 Re2 44. Qh5+ Kg8 45. Qd5+ Kh7 46. Qh5+ Kg8 47.
Qd5+ Kh7 48. Rf1 Qa2 49. Qf3 Kg8 50. Rc1 Re8 51. Qc6 Re2 52. Qc8+ Kh7 53. Qf5+
Kh6 54. Qf4+ Kh7 55. Qxh4+ Kg6 56. Qg4+ Kh6 57. Rc5 g5 58. h4 Re1+ 59. Kh2 Qf2
60. hxg5+ Kg6 61. gxf6+ Kxf6 62. Rc6+ Ke7 63. Qg7+ Kd8 64. Qc7+ Ke8 65. Qc8+ Kf7
66. Qd7+ Re7 67. Qd5+ Kg7 68. Qg5+ Kf7 69. Qg6+ 1-0

[Event "FIDE World Rapid 2014"]
[Site "Dubai UAE"]
[Date "2014.06.16"]
[Round "1.8"]
[White "Karjakin, Sergey"]
[Black "Adly, Ahmed"]
[Result "1-0"]
[WhiteTitle "GM"]
[BlackTitle "GM"]
[WhiteElo "2771"]
[BlackElo "2594"]
[WhiteFideId "14109603"]
[BlackFideId "10601619"]
[EventDate "2014.06.16"]

1. e4 c5 2. Nf3 d6 3. Bb5+ Bd7 4. c4 Nf6 5. Nc3 e6 6. O-O Be7 7. d4 cxd4 8. Nxd4
O-O 9. Be3 a6 10. Bxd7 Nbxd7 11. Rc1 Rc8 12. b3 Qa5 13. Qd2 Rfe8 14. f3 Bf8 15.
Rfd1 h6 16. h3 Qc7 17. Qf2 Qb8 18. Qd2 Ne5 19. Nde2 Nc6 20. Kh1 Rcd8 21. Bb6 Rd7
22. Bf2 Qd8 23. Na4 Qa5 24. Qxa5 Nxa5 25. Nd4 Nc6 26. g4 Rc7 27. Nb6 Nxd4 28.
Bxd4 Nh7 29. Kg2 Be7 30. a4 Nf8 31. a5 Ng6 32. Rc2 Rd8 33. Be3 Ne5 34. f4 Nc6
35. Nd5 Rcc8 36. Nxe7+ Nxe7 37. Rcd2 Rc6 38. f5 Nc8 39. Kf3 Re8 40. h4 h5 41.
gxh5 exf5 42. exf5 Re5 43. Rd5 Rxd5 44. cxd5 Rc3 45. Rc1 Rxc1 46. Bxc1 f6 47. h6
gxh6 48. Bxh6 Na7 49. Bc1 Nb5 50. Bb2 Kg7 51. Ke4 Nc7 52. Bc1 Kh7 53. Bf4 Nb5
54. Kd3 Kg7 55. Bc1 Nc7 56. Ke4 Nb5 57. Bb2 Nc7 58. h5 Ne8 59. Bc1 Nc7 60. Kd4
Nb5+ 61. Kc4 Nc7 62. Bf4 Nb5 63. Kd3 Kh7 64. h6 Kg8 65. Bc1 Kh7 66. Bd2 Nc7 67.
Kd4 Nb5+ 68. Ke4 Nc7 69. Bc3 Ne8 70. Bd2 Nc7 71. Bf4 Nb5 72. Kd3 Kg8 73. b4 Kh7
74. Ke3 Kg8 75. Kf3 Kh7 76. Kg4 Nc3 77. Bxd6 Nxd5 78. Bf8 Kg8 79. Bc5 Kh7 80.
Kf3 Kxh6 81. Ke4 Nc3+ 82. Kd4 Nb5+ 83. Kd5 Kg5 84. Ke6 Nc7+ 85. Kd7 Nd5 86. Kc8
Kxf5 87. Kxb7 Ke6 88. Kxa6 Kd7 89. Kb7 Nc7 90. a6 f5 91. Be3 Nb5 92. a7 1-0

[Event "FIDE World Rapid 2014"]
[Site "Dubai UAE"]
[Date "2014.06.16"]
[Round "1.10"]
[White "Korobov, Anton"]
[Black "Sandipan, Chanda"]
[Result "1-0"]
[WhiteTitle "GM"]
[BlackTitle "GM"]
[WhiteElo "2680"]
[BlackElo "2594"]
[WhiteFideId "14105730"]
[BlackFideId "5004225"]
[EventDate "2014.06.16"]

1. d4 f5 2. g3 Nf6 3. Bg2 e6 4. Nf3 g6 5. O-O Bg7 6. c4 O-O 7. Nc3 d6 8. b3 Qe7
9. Ba3 Nc6 10. Rc1 Ne4 11. Nxe4 fxe4 12. Nd2 Bxd4 13. Nxe4 Bg7 14. e3 Bd7 15. h4
Qf7 16. Ng5 Qf6 17. Rc2 Rae8 18. f4 Nd8 19. h5 Bc6 20. Bb2 Qe7 21. hxg6 hxg6 22.
Qd3 Bxb2 23. Rxb2 Rf5 24. e4 Rxg5 25. fxg5 Qxg5 26. Rbf2 e5 27. Bh3 b6 28. Rf6
Kg7 29. Qf3 Rh8 30. Rf8 Rxf8 31. Qxf8+ Kh7 32. Kh2 Bxe4 33. Rf2 Qe3 34. Bg2 Bxg2
35. Kxg2 Qe4+ 36. Kh2 Qe3 37. Kg2 Qe4+ 38. Kh2 Qe3 39. b4 a6 40. a4 a5 41. b5
Qh6+ 42. Kg2 Qxf8 43. Rxf8 Ne6 44. Rf7+ Kg8 45. Re7 Kf8 46. Rh7 Ke8 47. g4 Kd8
48. Kg3 g5 49. Kf3 Nc5 50. Rh5 Nxa4 51. Rxg5 Nc5 52. Rf5 a4 53. g5 a3 54. g6 Ne6
55. Ke4 Ke8 56. Rf2 Nf4 57. Kf5 Kf8 58. Ra2 Kg7 59. Rxa3 Nxg6 60. Rg3 1-0

[Event "FIDE World Rapid 2014"]
[Site "Dubai UAE"]
[Date "2014.06.16"]
[Round "1.11"]
[White "Savchenko, Boris"]
[Black "Nepomniachtchi, Ian"]
[Result "0-1"]
[WhiteTitle "GM"]
[BlackTitle "GM"]
[WhiteElo "2581"]
[BlackElo "2730"]
[WhiteFideId "4147332"]
[BlackFideId "4168119"]
[EventDate "2014.06.16"]

1. Nf3 g6 2. c4 Bg7 3. Nc3 f5 4. e4 fxe4 5. Nxe4 Nf6 6. Nxf6+ exf6 7. Qe2+ Kf7
8. d4 Re8 9. Be3 d5 10. O-O-O Nc6 11. Rg1 Be6 12. Qc2 a5 13. a3 a4 14. g4 Na5
15. c5 Qd7 16. h3 Kg8 17. Kb1 Nc4 18. Bf4 b5 19. cxb6 cxb6 20. Bxc4 dxc4 21. Nd2
Bd5 22. Rge1 Qc6 23. Ka1 b5 24. Nb1 Bf8 25. Nc3 b4 26. Rxe8 Rxe8 27. axb4 Bxb4
28. Rc1 Rc8 29. Nxd5 Qxd5 30. Bd2 Bf8 31. Be3 Bb4 32. Bd2 Bd6 33. Be3 Kf7 34. h4
a3 35. b3 cxb3 36. Qxc8 b2+ 37. Kb1 bxc1=Q+ 38. Qxc1 Qb3+ 39. Ka1 h5 40. gxh5
gxh5 41. Bd2 Qd3 42. Bc3 Kg6 43. Qe1 Kf5 44. Qc1 Kg4 45. d5 Kf5 46. Qb1 Qxb1+
47. Kxb1 Be7 48. Ka2 Kg4 49. Ba5 Bd6 50. Bd8 f5 51. Bg5 f4 52. Bd8 Kf3 53. Bb6
Ke4 54. Kb3 f3 55. Kc4 a2 56. Bd4 Be5 0-1

[Event "FIDE World Rapid 2014"]
[Site "Dubai UAE"]
[Date "2014.06.16"]
[Round "1.12"]
[White "Malakhov, Vladimir"]
[Black "Yudin, Sergei"]
[Result "1/2-1/2"]
[WhiteTitle "GM"]
[BlackTitle "GM"]
[WhiteElo "2694"]
[BlackElo "2546"]
[WhiteFideId "4120787"]
[BlackFideId "4159659"]
[EventDate "2014.06.16"]

1. Nf3 e6 2. g3 b5 3. Bg2 Bb7 4. O-O Nf6 5. b3 c5 6. c4 a6 7. Nc3 Qb6 8. e3 Be7
9. Qe2 Ne4 10. Nxe4 Bxe4 11. Bb2 O-O 12. d3 Bb7 13. Rfd1 d5 14. Ne5 f6 15. Nf3
Nd7 16. Rab1 Rfd8 17. cxd5 Bxd5 18. e4 Bb7 19. d4 cxd4 20. Bxd4 Bc5 21. b4 Bxd4
22. Nxd4 Ne5 23. Nb3 Rxd1+ 24. Rxd1 Rd8 25. Nc5 Bc8 26. Bh3 Rd6 27. f4 Nc4 28.
Bf1 a5 29. Rxd6 Qxd6 30. Qd3 axb4 31. Qxd6 Nxd6 32. Kf2 Kf7 33. e5 fxe5 34. fxe5
Nc4 35. Nd3 Bd7 36. Bg2 Ke7 37. h4 Be8 38. Be4 h6 39. Ke1 Kd8 40. Nxb4 Nxe5 41.
Kd2 Kc7 42. Ke3 g5 43. hxg5 hxg5 44. Nd3 Nxd3 45. Bxd3 Kd6 46. a3 Bc6 47. Be2
Kc5 48. Bd3 Bd5 49. Be2 1/2-1/2

[Event "FIDE World Rapid 2014"]
[Site "Dubai UAE"]
[Date "2014.06.16"]
[Round "1.13"]
[White "Amin, Bassem"]
[Black "Radjabov, Teimour"]
[Result "1-0"]
[WhiteTitle "GM"]
[BlackTitle "GM"]
[WhiteElo "2635"]
[BlackElo "2724"]
[WhiteFideId "10601457"]
[BlackFideId "13400924"]
[EventDate "2014.06.16"]

1. e4 c5 2. Nf3 Nc6 3. d3 g6 4. g3 Bg7 5. Bg2 e6 6. O-O Nge7 7. c3 d5 8. Re1 h6
9. h4 b6 10. e5 Ba6 11. d4 Qd7 12. Bf4 Nf5 13. a3 Rc8 14. b4 cxd4 15. cxd4 h5
16. Qd2 Bc4 17. Nc3 b5 18. Bg5 O-O 19. Bh3 a5 20. Rab1 axb4 21. axb4 Qa7 22.
Bxf5 exf5 23. Bf6 Rfe8 24. Bxg7 Kxg7 25. Nd1 Nd8 26. Ng5 Nc6 27. Nf3 Ra8 28. Ne3
Qe7 29. Rb2 Ra3 30. Rd1 Rea8 31. Kg2 R8a4 32. Nc2 Rd3 33. Qe1 Nxb4 34. Nxb4 Rxd1
35. Qxd1 Rxb4 36. Rxb4 Qxb4 37. Qa1 Qa4 38. Qc1 Qa7 39. Qg5 Qb6 40. Qe7 Qe6 41.
Qb7 Kf8 42. Ng5 Qe7 43. Nh7+ 1-0

[Event "FIDE World Rapid 2014"]
[Site "Dubai UAE"]
[Date "2014.06.16"]
[Round "1.14"]
[White "Vachier-Lagrave, Maxime"]
[Black "Dubov, Daniil"]
[Result "1/2-1/2"]
[WhiteTitle "GM"]
[BlackTitle "GM"]
[WhiteElo "2762"]
[BlackElo "2614"]
[WhiteFideId "623539"]
[BlackFideId "24126055"]
[EventDate "2014.06.16"]

1. e4 c5 2. Nf3 e6 3. b3 d6 4. Bb2 Nf6 5. e5 dxe5 6. Nxe5 Nbd7 7. Na3 Nxe5 8.
Bxe5 Bd6 9. Bb5+ Ke7 10. Bb2 a6 11. Be2 b5 12. c4 b4 13. Bf3 Rb8 14. Nc2 e5 15.
O-O Re8 16. Bc6 Bd7 17. Bxd7 Qxd7 18. a3 a5 19. axb4 axb4 20. Qf3 Kf8 21. d3 Qb7
22. Qf5 Rbd8 23. Ne3 Bb8 24. Rfd1 Qc6 25. Ng4 Nxg4 26. Qxg4 Bc7 27. Kf1 f6 28.
f3 Ra8 29. Qe4 Qxe4 30. dxe4 Ke7 31. Ke2 Bd6 32. Kd3 Ke6 33. Kc2 Rxa1 34. Rxa1
g6 35. Bc1 f5 36. Be3 f4 37. Bf2 Rc8 38. Ra7 Be7 39. Kd3 h5 40. g3 fxg3 41. hxg3
g5 42. Ke2 h4 43. Ra6+ Kf7 44. gxh4 gxh4 45. Ra7 Ke6 46. Ra6+ Kf7 47. Ra7 Ke6
48. Ra6+ 1/2-1/2

[Event "FIDE World Rapid 2014"]
[Site "Dubai UAE"]
[Date "2014.06.16"]
[Round "1.16"]
[White "Cheparinov, Ivan"]
[Black "Fier, Alexandr"]
[Result "0-1"]
[WhiteTitle "GM"]
[BlackTitle "GM"]
[WhiteElo "2682"]
[BlackElo "2580"]
[WhiteFideId "2905540"]
[BlackFideId "2107139"]
[EventDate "2014.06.16"]

1. d4 Nf6 2. c4 g6 3. Nc3 Bg7 4. e4 O-O 5. Nf3 d6 6. Be2 e5 7. O-O Nc6 8. d5 Ne7
9. b4 Nh5 10. c5 Nf4 11. Bxf4 exf4 12. Qd2 h6 13. Rac1 g5 14. cxd6 cxd6 15. Nb5
Ng6 16. Nfd4 Qf6 17. Rfd1 Ne5 18. Nf5 Bxf5 19. exf5 a6 20. Nd4 Rac8 21. h3 Nd7
22. Nb3 Ne5 23. Nd4 Nd7 24. Nb3 Qb2 25. Qxb2 Bxb2 26. Rxc8 Rxc8 27. Na5 Rc7 28.
Nc4 Be5 29. a4 Kf8 30. Rb1 Nf6 31. Rd1 Ne4 32. Nxe5 dxe5 33. d6 Rd7 34. Bf3 Rxd6
35. Re1 Nd2 36. Rxe5 Nxf3+ 37. gxf3 Rd4 38. Re4 Rd5 39. Rc4 Rxf5 40. Rc7 b5 41.
Ra7 Rf6 42. axb5 axb5 43. Rb7 Rf5 44. h4 gxh4 45. Kg2 Kg7 46. Kh3 Rh5 47. Rb6 f6
48. Rb7+ Kg6 49. Rb6 Rg5 50. Rb7 h5 51. Rb6 Rd5 52. Kg2 Rd2 53. Rxb5 h3+ 54.
Kxh3 Rxf2 55. Rb8 Rxf3+ 56. Kg2 Rg3+ 57. Kf2 Rb3 58. b5 Kf5 59. b6 f3 60. Rf8
Rxb6 61. Kxf3 Rb3+ 62. Kg2 Kg5 63. Rg8+ Kf4 64. Rh8 Rg3+ 65. Kf2 Rg5 66. Ra8 Kg4
67. Ra4+ Kf5 68. Kf3 Rg1 69. Kf2 Rb1 70. Ra5+ Kg6 71. Kg3 Rb3+ 72. Kh4 Rb4+ 73.
Kg3 Re4 74. Rb5 Re5 75. Rb8 Kg5 76. Rg8+ Kf5 77. Rh8 Re3+ 78. Kf2 Rh3 79. Kg2
Rh4 80. Ra8 Kf4 81. Ra4+ Kg5 82. Ra8 f5 83. Kg3 Rg4+ 84. Kf3 Rf4+ 85. Kg2 Rd4
86. Rg8+ Kf4 87. Rh8 Rd2+ 88. Kh3 Rd3+ 89. Kg2 Rg3+ 90. Kf2 Rh3 91. Kg2 Rh4 92.
Rh7 Ke3 93. Re7+ Re4 94. Ra7 Kf4 95. Rh7 Re2+ 96. Kh3 Re3+ 97. Kg2 Rg3+ 98. Kf2
Rh3 99. Kg2 Rh4 100. Rh8 Ke3 101. Re8+ Re4 102. Ra8 Rg4+ 103. Kf1 Rg3 104. Ra3+
Kf4 105. Ra4+ Kg5 106. Kf2 h4 107. Ra8 Rb3 108. Rh8 Kg4 109. Rg8+ Kf4 110. Rh8
Rb2+ 111. Kg1 Kg4 112. Rg8+ Kf3 113. Ra8 Re2 114. Ra3+ Re3 115. Ra8 f4 116. Kh2
Kf2 117. Ra2+ Re2 118. Ra3 f3 119. Kh3 Re3 120. Ra1 Re1 121. Ra2+ Kg1 0-1

[Event "FIDE World Rapid 2014"]
[Site "Dubai UAE"]
[Date "2014.06.16"]
[Round "1.17"]
[White "Riazantsev, Alexander"]
[Black "Harikrishna, Pentala"]
[Result "0-1"]
[WhiteTitle "GM"]
[BlackTitle "GM"]
[WhiteElo "2692"]
[BlackElo "2726"]
[WhiteFideId "4125029"]
[BlackFideId "5007003"]
[EventDate "2014.06.16"]

1. d4 Nf6 2. c4 e6 3. Nf3 b6 4. a3 Bb7 5. Nc3 Ne4 6. Nxe4 Bxe4 7. e3 Be7 8. Bd3
Bb7 9. e4 O-O 10. O-O d6 11. b4 c5 12. bxc5 bxc5 13. d5 Nd7 14. Rb1 Qc7 15. Qc2
h6 16. Bb2 Rab8 17. Rfe1 Rfe8 18. e5 exd5 19. Bh7+ Kh8 20. e6 fxe6 21. Bxg7+
Kxg7 22. Qg6+ Kh8 23. Qxh6 Bf8 24. Qh4 Nf6 25. Bg6+ Nh7 26. Ng5 Re7 27. Rxe6
Rxe6 28. Nxh7 Bh6 29. Bf5 Qe7 0-1

[Event "FIDE World Rapid 2014"]
[Site "Dubai UAE"]
[Date "2014.06.16"]
[Round "2.2"]
[White "Guseinov, Gadir"]
[Black "Carlsen, Magnus"]
[Result "1/2-1/2"]
[WhiteTitle "GM"]
[BlackTitle "GM"]
[WhiteElo "2613"]
[BlackElo "2881"]
[WhiteFideId "13401378"]
[BlackFideId "1503014"]
[EventDate "2014.06.16"]

1. e4 e6 2. d4 d5 3. Nd2 c5 4. exd5 exd5 5. Bb5+ Nc6 6. Ngf3 cxd4 7. O-O Bd6 8.
Re1+ Ne7 9. Nxd4 O-O 10. N2b3 Qc7 11. h3 a6 12. Bd3 Ne5 13. Bf4 N7g6 14. Bxg6
fxg6 15. Bxe5 Bxe5 16. c3 Qd6 17. Qd3 Bd7 18. Re2 Rae8 19. Rae1 g5 20. Nd2 g4
21. hxg4 Bh2+ 22. Kf1 Rxe2 23. Kxe2 Bxg4+ 24. f3 Bd7 25. Kd1 Bf4 26. Kc2 Qf6 27.
N2b3 Be8 28. Nf5 Kh8 29. Nbd4 Bg6 30. g4 Be5 31. Kd1 h6 32. Qe3 Re8 33. Qd2 Kh7
34. a3 a5 35. Re2 Qa6 36. Re1 Bf4 37. Qc2 Rxe1+ 38. Kxe1 Qf6 39. Qe2 Bf7 40. Kd1
g6 41. Ne3 h5 42. gxh5 gxh5 43. Ng2 Bh6 44. Qd3+ Bg6 45. Qb5 h4 46. Qd7+ Kg8 47.
Qc8+ Kh7 48. Qd7+ Kg8 49. Qc8+ Kh7 50. Qd7+ Kh8 51. Qc8+ Kh7 1/2-1/2

[Event "FIDE World Rapid 2014"]
[Site "Dubai UAE"]
[Date "2014.06.16"]
[Round "2.5"]
[White "Milov, Vadim"]
[Black "Karjakin, Sergey"]
[Result "0-1"]
[WhiteTitle "GM"]
[BlackTitle "GM"]
[WhiteElo "2622"]
[BlackElo "2771"]
[WhiteFideId "1304364"]
[BlackFideId "14109603"]
[EventDate "2014.06.16"]

1. d4 Nf6 2. c4 e6 3. Nc3 Bb4 4. e3 O-O 5. Ne2 d5 6. a3 Be7 7. cxd5 exd5 8. b4
c6 9. Ng3 Be6 10. Bd3 Nbd7 11. O-O b5 12. Bd2 Nb6 13. Nce2 g6 14. Nf4 Bd6 15.
Bc2 Nc4 16. Bc3 Qc7 17. Nd3 Rae8 18. Nc5 Bg4 19. Qc1 h5 20. Re1 h4 21. Nf1 Ne4
22. Bxe4 dxe4 23. a4 Qe7 24. axb5 cxb5 25. Qb1 Bf3 26. gxf3 Qg5+ 27. Kh1 exf3
28. Ng3 hxg3 29. fxg3 f2 30. Re2 Bxc5 31. dxc5 Rxe3 32. Rxe3 Qxe3 0-1

[Event "FIDE World Rapid 2014"]
[Site "Dubai UAE"]
[Date "2014.06.16"]
[Round "2.6"]
[White "Safarli, Eltaj"]
[Black "Korobov, Anton"]
[Result "1/2-1/2"]
[WhiteTitle "GM"]
[BlackTitle "GM"]
[WhiteElo "2649"]
[BlackElo "2680"]
[WhiteFideId "13402129"]
[BlackFideId "14105730"]
[EventDate "2014.06.16"]

1. e4 e5 2. Nc3 Bc5 3. Nf3 d6 4. Na4 Bb6 5. Nxb6 axb6 6. d4 exd4 7. Qxd4 Nf6 8.
e5 Nc6 9. Bb5 dxe5 10. Qxe5+ Be6 11. Bf4 O-O 12. Bxc6 bxc6 13. Qxc7 Qxc7 14.
Bxc7 Nd5 15. Bg3 Nb4 16. O-O Nxc2 17. Rac1 Bf5 18. a3 c5 19. Rfd1 h6 20. Bc7
Rfc8 21. Bxb6 Rab8 22. Rd6 Be4 23. Nd2 Bh7 24. Nb3 c4 25. Na1 c3 26. bxc3 Nxa3
27. Rcd1 Bf5 28. Rd8+ Kh7 29. Rxc8 Rxc8 30. Ba5 Nb5 31. Nb3 Bc2 32. Rd5 Nxc3 33.
Rc5 Rxc5 34. Nxc5 Ne2+ 35. Kf1 Nf4 36. Bd2 Ne6 37. Nxe6 fxe6 1/2-1/2

[Event "FIDE World Rapid 2014"]
[Site "Dubai UAE"]
[Date "2014.06.16"]
[Round "2.7"]
[White "Nepomniachtchi, Ian"]
[Black "Lenic, Luka"]
[Result "1-0"]
[WhiteTitle "GM"]
[BlackTitle "GM"]
[WhiteElo "2730"]
[BlackElo "2659"]
[WhiteFideId "4168119"]
[BlackFideId "14603853"]
[EventDate "2014.06.16"]

1. e4 e5 2. Nf3 Nc6 3. d4 exd4 4. Nxd4 Bb4+ 5. c3 Bc5 6. Be3 Bb6 7. Nf5 g6 8.
Bxb6 axb6 9. Ne3 Nf6 10. f3 Qe7 11. c4 Qe5 12. Nc3 O-O 13. Bd3 Nh5 14. O-O Nf4
15. Re1 Qg5 16. Kh1 d6 17. Bf1 Bd7 18. Rc1 Qd8 19. a3 Ne5 20. Ncd5 Nxd5 21. cxd5
g5 22. Rc3 Rc8 23. Qc2 Re8 24. Rc1 c6 25. dxc6 bxc6 26. Rd1 Be6 27. Qd2 b5 28.
Qxd6 Qxd6 29. Rxd6 Red8 30. Rxd8+ Rxd8 31. Kg1 f6 32. Be2 Rd4 33. Kf1 b4 34. Rc1
bxa3 35. bxa3 Kf7 36. Ra1 Ra4 37. Bd1 Ra5 38. a4 Ke7 39. Ke2 Kd6 40. Kd2 h5 41.
g3 h4 42. f4 Nd7 43. Bc2 hxg3 44. hxg3 gxf4 45. gxf4 Rh5 46. Rg1 Rh4 47. f5 Bf7
48. Rg3 Ne5 49. Kc3 Kc5 50. Ng2 Rh1 51. Nf4 Ra1 52. Nd3+ Nxd3 53. Rxd3 Ra3+ 54.
Kd2 Rxd3+ 55. Kxd3 Kb4 56. e5 fxe5 57. Ke4 c5 58. Kxe5 c4 59. f6 c3 60. Kd6 Bb3
61. a5 Bxc2 62. f7 Kxa5 63. Kc5 Ka4 64. f8=Q 1-0

[Event "FIDE World Rapid 2014"]
[Site "Dubai UAE"]
[Date "2014.06.16"]
[Round "2.8"]
[White "Harikrishna, Pentala"]
[Black "Najer, Evgeniy"]
[Result "1-0"]
[WhiteTitle "GM"]
[BlackTitle "GM"]
[WhiteElo "2726"]
[BlackElo "2653"]
[WhiteFideId "5007003"]
[BlackFideId "4118987"]
[EventDate "2014.06.16"]

1. d4 d5 2. Nf3 Nf6 3. c4 c6 4. Nbd2 g6 5. e3 Bg7 6. Be2 O-O 7. O-O dxc4 8. Nxc4
c5 9. dxc5 Ne4 10. Qc2 Nxc5 11. e4 Nc6 12. Rd1 Nb4 13. Qb1 Qc7 14. Be3 Bg4 15.
a3 Bxf3 16. gxf3 Nba6 17. Qa2 Rad8 18. Rac1 Qb8 19. b4 Ne6 20. Na5 Nac7 21. Bc4
Nd4 22. f4 Qc8 23. Be2 Qe6 24. Qxe6 Ncxe6 25. Kf1 b6 26. Nc6 Nxc6 27. Rxc6 Bh6
28. f5 Bxe3 29. fxe3 Ng5 30. Rc7 Nxe4 31. Rxe7 Nd6 32. fxg6 fxg6+ 33. Ke1 a5 34.
e4 axb4 35. axb4 b5 36. Rd5 Rf4 37. e5 Nf7 38. Rxf7 Kxf7 39. Rxd8 Rxb4 40. Bf3
Ke6 41. Re8+ Kf5 42. Bc6 Kf4 43. e6 Ke5 44. Bd7 Kd6 45. Rb8 Rb2 46. h4 b4 47.
Rb6+ Ke7 48. Ba4 h5 49. Kd1 Kf6 50. Bc2 Ra2 51. Bb3 Rh2 52. Rxb4 Rh3 53. Ke2 Rc3
54. Rf4+ Ke7 55. Rf7+ Kd6 56. Rd7+ 1-0

[Event "FIDE World Rapid 2014"]
[Site "Dubai UAE"]
[Date "2014.06.16"]
[Round "2.11"]
[White "Vallejo Pons, Francisco"]
[Black "Fedoseev, Vladimir3"]
[Result "1-0"]
[WhiteTitle "GM"]
[BlackTitle "GM"]
[WhiteElo "2698"]
[BlackElo "2662"]
[WhiteFideId "2205530"]
[BlackFideId "24130737"]
[EventDate "2014.06.16"]

1. e4 c5 2. Nf3 d6 3. d4 cxd4 4. Nxd4 Nf6 5. Nc3 a6 6. Qd3 g6 7. Bg5 Bg7 8.
O-O-O Nc6 9. Nxc6 bxc6 10. e5 Ng4 11. exd6 Nxf2 12. Qf3 Nxd1 13. Bc4 Bf6 14.
Bxf6 exf6 15. Re1+ Be6 16. Bxe6 O-O 17. Rxd1 fxe6 18. Qxc6 f5 19. d7 Qe7 20. Na4
Rab8 21. Nc5 Kf7 22. Nb7 Kf6 23. b3 a5 24. a4 Ra8 25. Qc7 Rfb8 26. Qc3+ Kg5 27.
Qd2+ Kf6 28. d8=Q Rxd8 29. Nxd8 Rc8 30. Qxa5 Rc5 31. Qb6 Rc8 32. Nxe6 Kf7 33.
Nd4 Qe3+ 34. Kb1 Qe4 35. g3 h5 36. a5 h4 37. a6 h3 38. Qb7+ Qxb7 39. axb7 1-0

[Event "FIDE World Rapid 2014"]
[Site "Dubai UAE"]
[Date "2014.06.16"]
[Round "2.12"]
[White "Bologan, Viktor"]
[Black "Vitiugov, Nikita"]
[Result "1-0"]
[WhiteTitle "GM"]
[BlackTitle "GM"]
[WhiteElo "2661"]
[BlackElo "2742"]
[WhiteFideId "13900048"]
[BlackFideId "4152956"]
[EventDate "2014.06.16"]

1. d4 Nf6 2. c4 e6 3. Nf3 Bb4+ 4. Bd2 Qe7 5. g3 Bxd2+ 6. Qxd2 Nc6 7. Nc3 d5 8.
cxd5 exd5 9. Bg2 O-O 10. O-O Re8 11. Rac1 Bf5 12. e3 Rad8 13. Qd1 a6 14. a3 Na7
15. b4 c6 16. Qb3 Nb5 17. a4 Nxc3 18. Rxc3 Ne4 19. Rcc1 Nd6 20. Nd2 Qd7 21. Rfe1
Bh3 22. Bh1 h5 23. Nf3 f6 24. Bg2 g5 25. Nd2 Kg7 26. Qd3 h4 27. f3 hxg3 28. hxg3
Rh8 29. Bh1 Rh6 30. Kf2 Bf5 31. e4 Rh2+ 32. Kg1 Rdh8 33. Bg2 Bg6 34. Qf1 dxe4
35. fxe4 Qg4 36. Rc3 f5 37. d5 fxe4 38. dxc6 bxc6 39. Qf2 Qh5 40. Qd4+ Kg8 41.
Qxd6 Rxg2+ 42. Kxg2 Qh2+ 43. Kf1 Qh1+ 44. Ke2 Rh2+ 45. Kd1 Bh5+ 46. g4 Bxg4+ 47.
Kc2 Qxe1 48. Qxh2 e3 49. Qb8+ Kf7 50. Qc7+ Kf8 51. Qb8+ Kf7 52. Qa7+ 1-0

[Event "FIDE World Rapid 2014"]
[Site "Dubai UAE"]
[Date "2014.06.16"]
[Round "2.14"]
[White "Fier, Alexandr"]
[Black "Ragger, Markus"]
[Result "1/2-1/2"]
[WhiteTitle "GM"]
[BlackTitle "GM"]
[WhiteElo "2580"]
[BlackElo "2632"]
[WhiteFideId "2107139"]
[BlackFideId "1610856"]
[EventDate "2014.06.16"]

1. d4 d5 2. c4 c6 3. Nf3 Nf6 4. Nc3 dxc4 5. a4 Bf5 6. Ne5 Nbd7 7. Nxc4 Nb6 8.
Ne5 a5 9. f3 Nfd7 10. Nxd7 Nxd7 11. e4 Bg6 12. Be3 Qb6 13. Qd2 e5 14. d5 Bc5 15.
Bxc5 Nxc5 16. dxc6 bxc6 17. Qd6 Nd7 18. Rd1 Rd8 19. Rd2 Qc5 20. h4 h5 21. Qc7
Qb6 22. Rxd7 Qe3+ 23. Be2 Rxd7 24. Qxe5+ Kf8 25. Qb8+ Ke7 26. Qxh8 Qd2+ 27. Kf2
Qd4+ 28. Kg3 Rd8 29. Rd1 Qxd1 30. Qxg7 Qe1+ 31. Kh3 Qh1+ 32. Kg3 Qe1+ 33. Kh3
Qh1+ 34. Kg3 Qe1+ 1/2-1/2